Statystyki dla Szybka Matematyka - Podwójna Liczba!

Kliknij tutaj aby rozwiązać quiz!

Ogólne statystyki

  • Ten quiz został rozwiązany 42 051 razy
  • Średni wynik to 10 z 20

Statystyki odpowiedzi

numerpodwójnie% Poprawnych
918
94%
510
89%
2244
89%
301602
89%
2040
88%
714
87%
8001600
87%
1326
87%
3162
87%
612
86%
6001200
86%
71142
86%
816
86%
2448
86%
406812
86%
1632
85%
2550
85%
3570
85%
70140
84%
1020
84%
2346
84%
4488
84%
5071014
83%
63126
83%
102204
83%
1224
83%
3060
83%
450900
83%
5001000
82%
55110
82%
61122
82%
65130
82%
100200
82%
1428
82%
104208
81%
1122
81%
211422
81%
307614
81%
3366
81%
5221044
80%
69138
80%
110220
80%
170340
80%
3468
80%
60120
79%
6501300
79%
7011402
79%
122244
79%
2142
79%
4692
79%
83166
78%
101202
78%
209418
78%
2958
78%
4080
78%
5021004
77%
5061012
77%
5101020
77%
9051810
77%
108216
77%
130260
77%
1938
77%
213426
77%
5031006
76%
73146
76%
131262
76%
2652
76%
304608
76%
350700
76%
4794
76%
5041008
75%
5301060
75%
59118
75%
92184
75%
112224
75%
113226
75%
208416
75%
212424
75%
3264
75%
400800
75%
405810
75%
444888
75%
50100
74%
51102
74%
5201040
74%
56112
74%
6301260
74%
80160
74%
8021604
74%
140280
74%
204408
74%
222444
74%
232464
74%
250500
74%
315630
74%
432864
74%
4998
74%
6111222
73%
6401280
73%
103206
73%
111222
73%
145290
73%
1530
73%
152304
73%
225450
73%
2754
73%
309618
73%
310620
73%
410820
73%
441882
73%
4590
73%
5401080
72%
6021204
72%
9001800
72%
210420
72%
221442
72%
290580
72%
305610
72%
344688
72%
5151030
71%
57114
71%
6081216
71%
72144
71%
85170
71%
105210
71%
148296
71%
151302
71%
154308
71%
220440
71%
4896
71%
7111422
70%
107214
70%
120240
70%
123246
70%
202404
70%
300600
70%
330660
70%
409818
70%
499998
70%
5211042
69%
6041208
69%
64128
69%
115230
69%
150300
69%
214428
69%
320640
69%
340680
69%
402804
69%
407814
69%
4182
69%
4386
69%
5011002
68%
5141028
68%
66132
68%
7001400
68%
7081416
68%
8011602
68%
81162
68%
8201640
68%
90180
68%
95190
68%
9501900
68%
98196
68%
99198
68%
116232
68%
143286
68%
160320
68%
201402
68%
223446
68%
241482
68%
2856
68%
324648
68%
3774
68%
403806
68%
4284
68%
431862
68%
5121024
67%
54108
67%
5501100
67%
58116
67%
6011202
67%
62124
67%
6201240
67%
7201440
67%
75150
67%
91182
67%
93186
67%
121242
67%
126252
67%
1836
67%
180360
67%
240480
67%
270540
67%
335670
67%
360720
67%
3978
67%
422844
67%
423846
67%
5231046
66%
5511102
66%
6151230
66%
7121424
66%
8051610
66%
82164
66%
109218
66%
133266
66%
206412
66%
302604
66%
306612
66%
316632
66%
404808
66%
415830
66%
5131026
65%
52104
65%
5601120
65%
67134
65%
7101420
65%
74148
65%
8101620
65%
106212
65%
124248
65%
153306
65%
311622
65%
331662
65%
3876
65%
5111022
64%
6101220
64%
7071414
64%
7151430
64%
7501500
64%
94188
64%
156312
64%
313626
64%
418836
64%
8031606
63%
8061612
63%
87174
63%
146292
63%
162324
63%
200400
63%
226452
63%
244488
63%
325650
63%
3672
63%
414828
63%
425850
63%
430860
63%
5081016
62%
53106
62%
7301460
62%
78156
62%
8151630
62%
9151830
62%
144288
62%
1734
62%
219438
62%
230460
62%
420840
62%
442884
62%
5541108
61%
6901380
61%
7031406
61%
8231646
61%
9061812
61%
138276
61%
142284
61%
161322
61%
181362
61%
203406
61%
205410
61%
308616
61%
451902
61%
5091018
60%
5161032
60%
6051210
60%
6601320
60%
68136
60%
7061412
60%
8041608
60%
9121824
60%
9301860
60%
175350
60%
224448
60%
312624
60%
352704
60%
401802
60%
408816
60%
440880
60%
5051010
59%
5441088
59%
6031206
59%
6161232
59%
8111622
59%
9081816
59%
127254
59%
129258
59%
139278
59%
199398
59%
215430
59%
251502
59%
253506
59%
299598
59%
303606
59%
332664
59%
6061212
58%
6181236
58%
7041408
58%
7401480
58%
8251650
58%
9101820
58%
117234
58%
190380
58%
227454
58%
231462
58%
245490
58%
317634
58%
318636
58%
342684
58%
351702
58%
380760
58%
452904
58%
460920
58%
5251050
57%
5341068
57%
7091418
57%
8071614
57%
8131626
57%
8171634
57%
84168
57%
134268
57%
135270
57%
207414
57%
218436
57%
249498
57%
295590
57%
361722
57%
411822
57%
417834
57%
421842
57%
446892
57%
5241048
56%
5321064
56%
5521104
56%
5551110
56%
6221244
56%
6621324
56%
7441488
56%
8141628
56%
8221644
56%
8301660
56%
9111822
56%
128256
56%
195390
56%
233466
56%
242484
56%
243486
56%
319638
56%
326652
56%
333666
56%
412824
56%
5191038
55%
5611122
55%
77154
55%
79158
55%
8501700
55%
119238
55%
125250
55%
239478
55%
252504
55%
341682
55%
345690
55%
370740
55%
416832
55%
419838
55%
433866
55%
5181036
54%
5801160
54%
6351270
54%
6451290
54%
88176
54%
89178
54%
9011802
54%
9041808
54%
132264
54%
136272
54%
228456
54%
255510
54%
280560
54%
321642
54%
353706
54%
390780
54%
424848
54%
436872
54%
449898
54%
455910
54%
470940
54%
5451090
53%
5731146
53%
6281256
53%
6331266
53%
7021404
53%
7991598
53%
9201840
53%
9401880
53%
9531906
53%
141282
53%
159318
53%
184368
53%
185370
53%
235470
53%
281562
53%
371742
53%
413826
53%
445890
53%
480960
53%
7321464
52%
8091618
52%
8401680
52%
158316
52%
254508
52%
265530
52%
343686
52%
426852
52%
5751150
51%
7191438
51%
7601520
51%
114228
51%
118236
51%
217434
51%
262524
51%
329658
51%
354708
51%
427854
51%
463926
51%
495990
51%
5281056
50%
5311062
50%
5331066
50%
5431086
50%
6091218
50%
6171234
50%
6311262
50%
6341268
50%
7131426
50%
7141428
50%
8121624
50%
9161832
50%
96192
50%
97194
50%
9801960
50%
149298
50%
155310
50%
266532
50%
464928
50%
498996
50%
5411082
49%
5531106
49%
5631126
49%
6071214
49%
6321264
49%
6511302
49%
6701340
49%
7431486
49%
8311662
49%
9021804
49%
9071814
49%
9131826
49%
9171834
49%
216432
49%
246492
49%
314628
49%
322644
49%
336672
49%
435870
49%
5171034
48%
5701140
48%
6991398
48%
7171434
48%
76152
48%
7631526
48%
8161632
48%
8211642
48%
8711742
48%
9901980
48%
9911982
48%
191382
48%
198396
48%
323646
48%
465930
48%
5351070
47%
5481096
47%
5581116
47%
6231246
47%
6241248
47%
6421284
47%
6711342
47%
7051410
47%
7211442
47%
7231446
47%
7901580
47%
8521704
47%
8801760
47%
9601920
47%
164328
47%
169338
47%
193386
47%
196392
47%
236472
47%
248496
47%
258516
47%
268536
47%
272544
47%
338676
47%
382764
47%
443886
47%
453906
47%
6251250
46%
8561712
46%
9091818
46%
9241848
46%
137274
46%
238476
46%
334668
46%
372744
46%
392784
46%
399798
46%
429858
46%
457914
46%
492984
46%
5261052
45%
5371074
45%
5921184
45%
5951190
45%
5991198
45%
6141228
45%
6261252
45%
6381276
45%
7291458
45%
7491498
45%
8081616
45%
8241648
45%
8411682
45%
8551710
45%
9221844
45%
9351870
45%
163326
45%
192384
45%
257514
45%
293586
45%
328656
45%
355710
45%
454908
45%
490980
45%
5391078
44%
5641128
44%
6191238
44%
7511502
44%
7701540
44%
8181636
44%
8431686
44%
8511702
44%
8651730
44%
9141828
44%
9261852
44%
147294
44%
395790
44%
5421084
43%
5561112
43%
5721144
43%
5771154
43%
6131226
43%
7541508
43%
8611722
43%
9411882
43%
9511902
43%
171342
43%
176352
43%
247494
43%
275550
43%
297594
43%
298596
43%
473946
43%
497994
43%
5271054
42%
5651130
42%
6361272
42%
6481296
42%
6731346
42%
7241448
42%
7271454
42%
7471494
42%
7531506
42%
7931586
42%
8271654
42%
8371674
42%
8601720
42%
8881776
42%
9281856
42%
9391878
42%
177354
42%
273546
42%
287574
42%
357714
42%
365730
42%
397794
42%
456912
42%
5491098
41%
7221444
41%
7411482
41%
8321664
41%
8421684
41%
9031806
41%
9211842
41%
9451890
41%
157314
41%
174348
41%
182364
41%
189378
41%
279558
41%
285570
41%
364728
41%
385770
41%
459918
41%
474948
41%
5291058
40%
5741148
40%
5811162
40%
6431286
40%
6951390
40%
7251450
40%
7331466
40%
7361472
40%
7461492
40%
7611522
40%
7801560
40%
7951590
40%
8841768
40%
9341868
40%
179358
40%
229458
40%
269538
40%
358716
40%
381762
40%
398796
40%
462924
40%
5461092
39%
5621124
39%
5901180
39%
6461292
39%
7311462
39%
8191638
39%
8261652
39%
8381676
39%
8451690
39%
9431886
39%
9811962
39%
260520
39%
267534
39%
346692
39%
447894
39%
468936
39%
471942
39%
475950
39%
5661132
38%
5821164
38%
5981196
38%
6641328
38%
6661332
38%
7261452
38%
7341468
38%
7351470
38%
7451490
38%
8441688
38%
8581716
38%
8591718
38%
8671734
38%
8721744
38%
8821764
38%
8831766
38%
8991798
38%
9371874
38%
9721944
38%
166332
38%
339678
38%
376752
38%
437874
38%
439878
38%
5361072
37%
5471094
37%
6411282
37%
6491298
37%
6521304
37%
6541308
37%
6571314
37%
7581516
37%
8331666
37%
8351670
37%
8361672
37%
8631726
37%
8911782
37%
9331866
37%
9361872
37%
168336
37%
234468
37%
261522
37%
327654
37%
356712
37%
434868
37%
461922
37%
494988
37%
5711142
36%
5761152
36%
6211242
36%
6561312
36%
6801360
36%
6811362
36%
6971394
36%
7181436
36%
7391478
36%
8291658
36%
8461692
36%
86172
36%
9321864
36%
9841968
36%
9851970
36%
167334
36%
263526
36%
271542
36%
282564
36%
375750
36%
428856
36%
6291258
35%
6371274
35%
6721344
35%
7161432
35%
7561512
35%
7961592
35%
7971594
35%
8481696
35%
8701740
35%
8901780
35%
9311862
35%
9791958
35%
194388
35%
278556
35%
359718
35%
458916
35%
482964
35%
5381076
34%
6271254
34%
6391278
34%
6441288
34%
6551310
34%
6591318
34%
6631326
34%
6751350
34%
7371474
34%
7941588
34%
8751750
34%
8931786
34%
9181836
34%
9441888
34%
9821964
34%
294588
34%
438876
34%
448896
34%
466932
34%
478956
34%
489978
34%
5831166
33%
5911182
33%
6531306
33%
6841368
33%
6851370
33%
7281456
33%
7551510
33%
7821564
33%
7911582
33%
8391678
33%
8871774
33%
9231846
33%
9251850
33%
9421884
33%
9571914
33%
9921984
33%
186372
33%
288576
33%
291582
33%
348696
33%
362724
33%
387774
33%
469938
33%
483966
33%
6121224
32%
6761352
32%
6861372
32%
7711542
32%
7831566
32%
7981596
32%
8281656
32%
8531706
32%
8761752
32%
9471894
32%
9481896
32%
9491898
32%
9551910
32%
9641928
32%
9831966
32%
9931986
32%
165330
32%
173346
32%
187374
32%
274548
32%
286572
32%
369738
32%
373746
32%
396792
32%
476952
32%
5571114
31%
5791158
31%
7521504
31%
7881576
31%
8571714
31%
9191838
31%
237474
31%
277554
31%
337674
31%
368736
31%
383766
31%
5851170
30%
6671334
30%
6891378
30%
6921384
30%
6931386
30%
6981396
30%
7621524
30%
7651530
30%
7731546
30%
7811562
30%
8491698
30%
9271854
30%
9291858
30%
9461892
30%
9561912
30%
9611922
30%
9871974
30%
178356
30%
256512
30%
284568
30%
363726
30%
384768
30%
393786
30%
485970
30%
486972
30%
488976
30%
5841168
29%
5971194
29%
6961392
29%
7381476
29%
7641528
29%
7761552
29%
7771554
29%
8471694
29%
8541708
29%
8941788
29%
9521904
29%
9541908
29%
9651930
29%
9701940
29%
9751950
29%
9941988
29%
183366
29%
188376
29%
283566
29%
292584
29%
374748
29%
379758
29%
391782
29%
481962
29%
5871174
28%
6911382
28%
7421484
28%
8681736
28%
8811762
28%
8951790
28%
8961792
28%
9671934
28%
264528
28%
289578
28%
347694
28%
366732
28%
367734
28%
487974
28%
5781156
27%
5931186
27%
6581316
27%
6741348
27%
6821364
27%
7671534
27%
8741748
27%
9681936
27%
9891978
27%
172344
27%
259518
27%
296592
27%
378756
27%
496992
27%
5591118
26%
5671134
26%
6611322
26%
7481496
26%
7591518
26%
7891578
26%
349698
26%
472944
26%
5861172
25%
7681536
25%
7751550
25%
7871574
25%
8341668
25%
8641728
25%
8691738
25%
8971794
25%
9631926
25%
377754
25%
493986
25%
5941188
24%
5961192
24%
6681336
24%
6791358
24%
7661532
24%
7721544
24%
7741548
24%
9591918
24%
9761952
24%
9861972
24%
5681136
23%
7691538
23%
7851570
23%
7921584
23%
8921784
23%
394788
23%
467934
23%
479958
23%
491982
23%
6691338
22%
6771354
22%
9381876
22%
9731946
22%
9741948
22%
9771954
22%
9881976
22%
389778
22%
6651330
21%
6831366
21%
7781556
21%
8791758
21%
9621924
21%
9781956
21%
197394
21%
276552
21%
6471294
20%
6881376
20%
7861572
20%
5891178
19%
8981796
19%
9691938
19%
386772
19%
388776
19%
5881176
18%
6781356
18%
6941388
18%
8781756
18%
9661932
18%
7841568
17%
8621724
17%
8771754
17%
9711942
17%
477954
17%
7571514
16%
8861772
16%
7791558
15%
8851770
15%
8891778
15%
484968
15%
9581916
14%
8731746
13%
6871374
12%
5691138
11%
8661732
7%

Rozkład punktacji

Percentyl według liczby udzielonych odpowiedzi

Procent ludzi z każdym wynikiem

Twoja historia wyników

Nie rozwiązałeś tego quizu